Qi fei zhi qian xian xue jiang luo (Chinese)

Bibliographic Details
Main Author: Wu, Ruoquan
Format: Book
Published: Zhanghe : Da zhang guo ji shu ju , 2006
Subjects:

MARC

LEADER 00000cam a2200000 7i4500
001 0000022751
005 20080806.0
008 080806
020 |a 9867646649 
090 0 0 |a 306.7   |b WUR 
100 0 |a Wu, Ruoquan 
245 1 0 |a Qi fei zhi qian xian xue jiang luo (Chinese)   |c Wu Ruoquan 
260 |a Zhanghe :   |b Da zhang guo ji shu ju ,   |c 2006 
650 0 |a Courtship 
650 0 |a Love 
650 0 |a Man-women relationship 
999 |a 0001030897   |b Book   |c Chinese Collection   |e Perbadanan Perpustakaan Awam Johor